[Event "COL-ch deaf 3rd"]
[Site "Colombia"]
[Date "2012.11.25"]
[Round "1.1"]
[White "Giraldo, Carlos Andres"]
[Black "Mora Hernandez, Rogelio"]
[Result "0-1"]
[WhiteElo "1651"]
[BlackElo "1600"]
[PlyCount "25"]
[EventDate "2012.11.25"]
[EventType "swiss"]
[EventRounds "7"]
[EventCountry "COL"]
[SourceTitle "EXT 2024"]
[Source "ChessBase"]
[SourceDate "2023.10.10"]
[SourceVersion "1"]
[SourceVersionDate "2023.10.10"]
[SourceQuality "1"]

1. e4 e5 2. Bc4 Nf6 3. d3 h6 4. Nf3 d6 5. h3 c6 6. a3 Nbd7 7. 0-0 Be7 8. Nc3 Nb6 9. Bd2 0-0 10. Nh4 Kh7 11. Be3 d5 12. exd5 Nbxd5 13. Bxd5 0-1